[Event "Olomouc Summmer op 21st"]
[Site "Olomouc"]
[Date "2018.08.12"]
[Round "2"]
[White "Kubicki, Marek"]
[Black "Zakoucka, Adela"]
[Result "1-0"]
[WhiteElo "2124"]
[BlackElo "1960"]
[PlyCount "83"]
[EventDate "2018.08.11"]
[EventType "swiss"]
[EventRounds "9"]
[EventCountry "CZE"]
[SourceTitle "CBM 186 Extra"]
[Source "ChessBase"]
[SourceDate "2018.08.24"]
[SourceVersion "1"]
[SourceVersionDate "2018.08.24"]
[SourceQuality "1"]

1. d4 d5 2. Bf4 Nf6 3. e3 Bg4 4. f3 Bf5 5. Bd3 Bg6 6. Ne2 e6 7. c3 Nbd7 8. 0-0 c5 9. Kh1 Be7 10. Bg3 Qb6 11. b3 Rc8 12. Nf4 Bd6 13. a4 c4 14. bxc4 dxc4 15. Bxg6 hxg6 16. Nd2 Qc7 17. Kg1 g5 18. Ne2 Ke7 19. Ne4 Nxe4 20. fxe4 Rxh2 21. Kxh2 Rh8+ 22. Kg1 Bxg3 23. Nxg3 Qxg3 24. Qf3 Qh2+ 25. Kf2 g4 26. Qg3 Qxg3+ 27. Kxg3 Nf6 28. e5 Ne4+ 29. Kxg4 f5+ 30. exf6+ gxf6 31. Ra2 f5+ 32. Kf3 Nxc3 33. Rb2 b6 34. Rc1 Nxa4 35. Rb4 b5 36. Rxb5 Nb6 37. Ra1 Kd6 38. Rxa7 Rb8 39. Ra6 Kc6 40. Rc5+ Kb7 41. Ra1 Rg8 42. Rb1 1-0

[Event "Kowalewo Pomorskie op-A 17th"]
[Site "Kowalewo Pomorskie"]
[Date "2010.07.07"]
[Round "5"]
[White "Kubicki, Marek"]
[Black "Plichta, Kamil"]
[Result "1/2-1/2"]
[WhiteElo "2172"]
[BlackElo "2158"]
[PlyCount "49"]
[EventDate "2010.07.04"]
[EventType "swiss"]
[EventRounds "8"]
[EventCountry "POL"]
[SourceTitle "CBM 137 Extra"]
[Source "ChessBase"]
[SourceDate "2010.09.01"]
[SourceVersion "1"]
[SourceVersionDate "2010.09.01"]
[SourceQuality "1"]

1. e4 c5 2. c4 Nc6 3. g3 g6 4. Bg2 Bg7 5. Ne2 d6 6. 0-0 e6 7. d3 Nge7 8. Nbc3 0-0 9. Be3 Nd4 10. Qd2 Rb8 11. Bh6 Bxh6 12. Qxh6 a6 13. h4 b5 14. b3 d5 15. cxd5 Nxe2+ 16. Nxe2 exd5 17. h5 c4 18. dxc4 dxc4 19. Qc1 Bg4 20. f3 Be6 21. h6 Qb6+ 22. Kh1 f6 23. Qb2 b4 24. bxc4 Bxc4 25. Rfc1 1/2-1/2

[Event "Kowalewo Pomorskie op-A 17th"]
[Site "Kowalewo Pomorskie"]
[Date "2010.07.06"]
[Round "3"]
[White "Choroszej, Aleksander"]
[Black "Kubicki, Marek"]
[Result "1-0"]
[WhiteElo "2095"]
[BlackElo "2172"]
[PlyCount "69"]
[EventDate "2010.07.04"]
[EventType "swiss"]
[EventRounds "8"]
[EventCountry "POL"]
[SourceTitle "CBM 137 Extra"]
[Source "ChessBase"]
[SourceDate "2010.09.01"]
[SourceVersion "1"]
[SourceVersionDate "2010.09.01"]
[SourceQuality "1"]

1. d4 f5 2. g4 fxg4 3. h3 gxh3 4. Nxh3 d5 5. Ng5 Nh6 6. e4 dxe4 7. Rxh6 Bf5 8. Rh1 Nc6 9. c3 e6 10. Bc4 Qf6 11. Qb3 0-0-0 12. Bxe6+ Kb8 13. Bxf5 Qxf5 14. Qf7 Qb5 15. Ne6 Rc8 16. Nd2 Nd8 17. Nxd8 Rxd8 18. Nc4 c5 19. Bf4+ Ka8 20. 0-0-0 cxd4 21. Rxd4 Bc5 22. Rxd8+ Rxd8 23. Rd1 Qe8 24. Rxd8+ Qxd8 25. Qxg7 h5 26. Qe5 Bxf2 27. Qxe4 Bc5 28. b4 Be7 29. Kc2 h4 30. Na5 Qd7 31. Qe5 Qd8 32. Nc4 h3 33. Ne3 Bf6 34. Qd6 Qxd6 35. Bxd6 1-0

[Event "Kowalewo Pomorskie op-A 17th"]
[Site "Kowalewo Pomorskie"]
[Date "2010.07.04"]
[Round "1"]
[White "Zielinski, Wojciech"]
[Black "Kubicki, Marek"]
[Result "0-1"]
[WhiteElo "2008"]
[BlackElo "2172"]
[PlyCount "108"]
[EventDate "2010.07.04"]
[EventType "swiss"]
[EventRounds "8"]
[EventCountry "POL"]
[SourceTitle "CBM 137 Extra"]
[Source "ChessBase"]
[SourceDate "2010.09.01"]
[SourceVersion "1"]
[SourceVersionDate "2010.09.01"]
[SourceQuality "1"]

1. e4 d6 2. d4 g6 3. Nc3 Bg7 4. Be3 Nd7 5. Qd2 a6 6. f3 b5 7. 0-0-0 Bb7 8. g4 Rc8 9. h4 c5 10. h5 b4 11. Nb1 Qa5 12. a3 cxd4 13. Bxd4 Bh6 14. Be3 Nc5 15. Bc4 Nxe4 16. fxe4 Bxe3 17. Bxf7+ Kxf7 18. Qxe3 Nf6 19. hxg6+ hxg6 20. Rxh8 Rxh8 21. Nf3 Nxe4 22. Rf1 Ke8 23. Nd4 bxa3 24. Nxa3 Qg5 25. Qxg5 Nxg5 26. Nc4 Rh4 27. Ne3 Rh3 28. Re1 Nf3 29. Nxf3 Rxf3 30. Kd2 Rg3 31. Kc3 Bc8 32. Kb4 Bxg4 33. Nd5 e5 34. Ka5 Bf3 35. Ne3 Rh3 36. Kxa6 g5 37. b4 g4 38. b5 g3 39. b6 g2 40. Nxg2 Bxg2 41. b7 Bxb7+ 42. Kxb7 Rc3 43. Re2 Ke7 44. Kb6 Ke6 45. Kb5 d5 46. Kb4 d4 47. Rh2 Kd5 48. Rg2 Ke4 49. Re2+ Kf4 50. Rh2 e4 51. Rg2 Kf3 52. Rd2 e3 53. Rxd4 Rxc2 54. Rd8 e2 0-1

[Event "Wloclawek Portofino Cup"]
[Site "Wloclawek"]
[Date "2009.09.26"]
[Round "7"]
[White "Kubicki, Marek"]
[Black "Gawronski, Miroslaw"]
[Result "0-1"]
[WhiteElo "2143"]
[BlackElo "2201"]
[PlyCount "100"]
[EventDate "2009.09.24"]
[EventType "swiss"]
[EventRounds "9"]
[EventCountry "POL"]
[SourceTitle "EXT 2018"]
[Source "ChessBase"]
[SourceDate "2017.10.13"]
[SourceVersion "1"]
[SourceVersionDate "2017.10.13"]
[SourceQuality "1"]

1. e4 e5 2. Nf3 Nc6 3. Bb5 a6 4. Ba4 Nf6 5. d3 b5 6. Bb3 Be7 7. c3 0-0 8. 0-0 d6 9. h3 Na5 10. Bc2 c5 11. Re1 Bb7 12. Nbd2 Re8 13. Nf1 Bf8 14. Ng3 g6 15. Nh2 Kh8 16. f4 Bg7 17. Qf3 Nc6 18. f5 Ne7 19. c4 Qd7 20. fxg6 fxg6 21. Bg5 Rf8 22. Qe3 Nc6 23. Rf1 Nd4 24. Bd1 bxc4 25. dxc4 Qc6 26. Bxf6 Bxf6 27. Nf3 Ne6 28. Bc2 Rf7 29. Ne2 Raf8 30. Nc3 Bc8 31. Nd5 Nf4 32. Rad1 Bd8 33. Nxf4 Rxf4 34. Qd3 Be7 35. g3 R4f6 36. Kg2 Be6 37. Ng1 Qb7 38. b3 Qc8 39. Rxf6 Rxf6 40. Rf1 Qf8 41. Rxf6 Qxf6 42. Qd2 Kg7 43. Bd1 Bc8 44. Qd5 Qg5 45. Qa8 Be6 46. Qxa6 Qd2+ 47. Be2 Bg5 48. Qb7+ Bf7 49. Qd7 Be3 50. Qg4 Qe1 0-1

[Event "Wloclawek Portofino Cup"]
[Site "Wloclawek"]
[Date "2009.09.25"]
[Round "3"]
[White "Kubicki, Marek"]
[Black "Stupak, Kirill"]
[Result "1/2-1/2"]
[WhiteElo "2143"]
[BlackElo "2451"]
[PlyCount "169"]
[EventDate "2009.09.24"]
[EventType "swiss"]
[EventRounds "9"]
[EventCountry "POL"]
[SourceTitle "EXT 2018"]
[Source "ChessBase"]
[SourceDate "2017.10.13"]
[SourceVersion "1"]
[SourceVersionDate "2017.10.13"]
[SourceQuality "1"]

1. e4 e6 2. b3 c5 3. Bb2 b6 4. Nc3 Bb7 5. Nf3 d6 6. Bb5+ Nd7 7. 0-0 a6 8. Bxd7+ Qxd7 9. d4 Ne7 10. Qd2 Qc7 11. Rfe1 Ng6 12. h4 cxd4 13. Qxd4 Ne5 14. Nxe5 dxe5 15. Qe3 b5 16. Rac1 Bc5 17. Qg3 f6 18. a4 Qb6 19. Re2 0-0 20. Rd1 Bd4 21. Rdd2 Rfd8 22. axb5 axb5 23. Nd1 Bc5 24. Qg4 Qc6 25. Rd3 Rxd3 26. cxd3 Rd8 27. Rc2 Rxd3 28. Ba3 f5 29. Qe2 Qxe4 30. Qxe4 Rxd1+ 31. Kh2 Bxe4 32. Rxc5 Rd2 33. Kg1 Bd5 34. Rxb5 e4 35. Bc5 e5 36. Rb8+ Kf7 37. Rf8+ Ke6 38. Re8+ Kf6 39. b4 f4 40. Rf8+ Kg6 41. h5+ Kh6 42. Rf5 e3 43. fxe3 Rxg2+ 44. Kf1 f3 45. e4 Bc4+ 46. Ke1 Re2+ 47. Kd1 Rxe4 48. Kd2 Be6 49. Rxf3 Kxh5 50. b5 Rf4 51. Re3 e4 52. b6 Bd5 53. Rh3+ Rh4 54. Ra3 Rh2+ 55. Kc1 Rh1+ 56. Kc2 h6 57. Ra7 e3 58. Bxe3 Be4+ 59. Kc3 g5 60. Kd4 Bf3 61. Rf7 Kg4 62. Bd2 Rd1 63. Kc3 Rb1 64. Rf6 h5 65. Bxg5 Kxg5 66. Rxf3 Rxb6 67. Kd2 Kg4 68. Rf8 Re6 69. Rg8+ Kh3 70. Rg7 h4 71. Rg8 Kh2 72. Rg4 h3 73. Rg5 Kh1 74. Rg3 h2 75. Rg4 Ra6 76. Ke2 Ra1 77. Kf2 Rg1 78. Ra4 Rg2+ 79. Kf1 Rg7 80. Rf4 Rg1+ 81. Kf2 Rb1 82. Rg4 Rb2+ 83. Kf1 Rb6 84. Rf4 Rf6 85. Rxf6 1/2-1/2

[Event "Wloclawek Portofino Cup"]
[Site "Wloclawek"]
[Date "2009.09.24"]
[Round "1"]
[White "Szarfemberg, Pawel"]
[Black "Kubicki, Marek"]
[Result "0-1"]
[WhiteElo "1400"]
[BlackElo "2143"]
[PlyCount "64"]
[EventDate "2009.09.24"]
[EventType "swiss"]
[EventRounds "9"]
[EventCountry "POL"]
[SourceTitle "EXT 2018"]
[Source "ChessBase"]
[SourceDate "2017.10.13"]
[SourceVersion "1"]
[SourceVersionDate "2017.10.13"]
[SourceQuality "1"]

1. e4 c5 2. Nf3 Nc6 3. d4 cxd4 4. Nxd4 g6 5. Nc3 Bg7 6. Be3 d6 7. Bb5 Bd7 8. 0-0 Nf6 9. f3 0-0 10. Qd3 Ne5 11. Qd2 Bxb5 12. Ndxb5 a6 13. Na3 b5 14. b4 Rc8 15. Ne2 Nfd7 16. Rac1 Nb6 17. Bxb6 Qxb6+ 18. Kh1 Nc4 19. Nxc4 Rxc4 20. c3 Rfc8 21. Rc2 h5 22. h3 Kh7 23. a3 R8c6 24. Qd3 Qc7 25. Rfc1 Bh6 26. Rd1 Bg7 27. Rdc1 e6 28. g3 d5 29. exd5 exd5 30. Qxd5 Rd6 31. Qg5 Bh6 32. Qxh6+ Kxh6 0-1

[Event "POL-chT3 Kujawsko Pomorskie 0809"]
[Site "Poland"]
[Date "2009.02.15"]
[Round "8.19"]
[White "Lewandowski, Krzysztof"]
[Black "Kubicki, Marek"]
[Result "0-1"]
[WhiteElo "2163"]
[BlackElo "2146"]
[PlyCount "64"]
[EventDate "2008.11.09"]
[EventType "team-tourn"]
[EventRounds "11"]
[EventCountry "POL"]
[SourceTitle "EXT 2019"]
[Source "ChessBase"]
[SourceDate "2018.10.10"]
[SourceVersion "1"]
[SourceVersionDate "2018.10.10"]
[SourceQuality "1"]

1. d4 d5 2. c4 c6 3. Nf3 Nf6 4. Nc3 a6 5. e3 Bf5 6. Be2 e6 7. 0-0 Bd6 8. b3 Nbd7 9. Bb2 h5 10. Bd3 Ne4 11. Qc2 Ndf6 12. Ne5 Nxc3 13. Bxf5 Nce4 14. Bxe4 Nxe4 15. f3 Nf6 16. e4 dxe4 17. Nxf7 Kxf7 18. fxe4 Bxh2+ 19. Kxh2 Kg8 20. Rf3 Rh6 21. Raf1 e5 22. dxe5 Ng4+ 23. Kg1 Rg6 24. e6 Qh4 25. g3 Qe7 26. e5 Rxe6 27. Qf5 Nxe5 28. Re3 Re8 29. Qxh5 Qc5 30. Rfe1 Nf3+ 31. Qxf3 Rxe3 32. Rxe3 Rxe3 0-1

[Event "POL-chT3 Kujawsko Pomorskie 0809"]
[Site "Poland"]
[Date "2009.02.08"]
[Round "7.13"]
[White "Kubicki, Marek"]
[Black "Jagodzinski, Waldemar"]
[Result "1-0"]
[WhiteElo "2146"]
[BlackElo "2124"]
[PlyCount "69"]
[EventDate "2008.11.09"]
[EventType "team-tourn"]
[EventRounds "11"]
[EventCountry "POL"]
[SourceTitle "EXT 2019"]
[Source "ChessBase"]
[SourceDate "2018.10.10"]
[SourceVersion "1"]
[SourceVersionDate "2018.10.10"]
[SourceQuality "1"]

1. d4 d5 2. c4 Nc6 3. Nc3 dxc4 4. d5 Ne5 5. f4 Nd7 6. e4 Nb6 7. Be3 e6 8. Bxb6 axb6 9. Bxc4 Bb4 10. Qd4 Bxc3+ 11. bxc3 Nf6 12. Nf3 exd5 13. exd5 0-0 14. 0-0 Ra4 15. Qd3 Bf5 16. Qe2 Qd6 17. Ne5 Qc5+ 18. Kh1 Nxd5 19. Bb3 Re4 20. Qd2 Be6 21. Rac1 Nxf4 22. Bxe6 Nxe6 23. Nd7 Qh5 24. Nxf8 Kxf8 25. Rce1 Qe5 26. Rxe4 Qxe4 27. Qd7 Qg6 28. Qc8+ Ke7 29. Qxb7 h5 30. Re1 Kf8 31. Qc8+ Ke7 32. Qxc7+ Kf8 33. Qxb6 Kg8 34. Qb8+ Kh7 35. Qb1 1-0

[Event "POL-chT3 Kujawsko Pomorskie 0809"]
[Site "Poland"]
[Date "2009.01.11"]
[Round "5.19"]
[White "Kubicki, Marek"]
[Black "Zielinski, Olgierd"]
[Result "1-0"]
[WhiteElo "2146"]
[BlackElo "1985"]
[PlyCount "63"]
[EventDate "2008.11.09"]
[EventType "team-tourn"]
[EventRounds "11"]
[EventCountry "POL"]
[SourceTitle "EXT 2019"]
[Source "ChessBase"]
[SourceDate "2018.10.10"]
[SourceVersion "1"]
[SourceVersionDate "2018.10.10"]
[SourceQuality "1"]

1. e4 d5 2. exd5 Qxd5 3. Nc3 Qd6 4. d4 Nf6 5. Bd3 a6 6. Nge2 Bg4 7. f3 Bh5 8. Bf4 Qd8 9. Ne4 Nbd7 10. c4 c6 11. a4 Nxe4 12. Bxe4 Nf6 13. Nc3 Nxe4 14. Nxe4 e6 15. Qb3 Qa5+ 16. Kf2 Qb4 17. Qxb4 Bxb4 18. c5 0-0 19. a5 Rfd8 20. Rhd1 Bg6 21. Ke2 f6 22. Ra4 e5 23. Bc1 Bxa5 24. Rxa5 exd4 25. Kf2 Rd5 26. b4 Rad8 27. Bf4 R8d7 28. Bd6 Kf7 29. Ra2 h6 30. Rad2 f5 31. Ng3 b6 32. Rxd4 1-0

[Event "Ketrzyn op"]
[Site "Ketrzyn"]
[Date "2007.12.30"]
[Round "8"]
[White "Kubicki, Marek"]
[Black "Czaus, Piotr"]
[Result "1-0"]
[WhiteElo "2143"]
[BlackElo "2026"]
[PlyCount "63"]
[EventDate "2007.12.27"]
[EventType "swiss"]
[EventRounds "9"]
[EventCountry "POL"]
[SourceTitle "CBM 122 Extra"]
[Source "ChessBase"]
[SourceDate "2008.03.04"]
[SourceVersion "1"]
[SourceVersionDate "2008.03.04"]
[SourceQuality "1"]

1. e4 g6 2. d4 Bg7 3. Nc3 d6 4. Be3 c6 5. Qd2 Nf6 6. f3 0-0 7. 0-0-0 b5 8. g4 a5 9. h4 a4 10. Nce2 b4 11. Qxb4 Na6 12. Qd2 Rb8 13. Ng3 Qb6 14. c3 c5 15. h5 Be6 16. d5 Bxg4 17. fxg4 Nxg4 18. Re1 Nc7 19. h6 Bh8 20. Nf3 Rb7 21. Rh4 Nxe3 22. Rxe3 Rfb8 23. Rh2 Qa5 24. Bc4 Nb5 25. e5 f5 26. exf6 Bxf6 27. Ne4 Bh8 28. Qd3 Nc7 29. Neg5 Bf6 30. Ne4 Bh8 31. Neg5 Ne8 32. Nxh7 1-0

[Event "Ketrzyn op"]
[Site "Ketrzyn"]
[Date "2007.12.28"]
[Round "5"]
[White "Zielinski, Stanislaw"]
[Black "Kubicki, Marek"]
[Result "1-0"]
[WhiteElo "2114"]
[BlackElo "2143"]
[PlyCount "57"]
[EventDate "2007.12.27"]
[EventType "swiss"]
[EventRounds "9"]
[EventCountry "POL"]
[SourceTitle "CBM 122 Extra"]
[Source "ChessBase"]
[SourceDate "2008.03.04"]
[SourceVersion "1"]
[SourceVersionDate "2008.03.04"]
[SourceQuality "1"]

1. e4 c6 2. d4 d5 3. f3 e6 4. Be3 dxe4 5. Nd2 exf3 6. Ngxf3 Nd7 7. Bd3 Ngf6 8. 0-0 c5 9. Qe1 Qc7 10. c3 b6 11. Bg5 Bd6 12. Nc4 Bb7 13. Nfe5 Bd5 14. Nxd6+ Qxd6 15. Bb5 0-0 16. Bxf6 Nxf6 17. Rxf6 cxd4 18. cxd4 Bxg2 19. Qf2 Bb7 20. Bc4 b5 21. Bb3 Qe7 22. Rf4 Rac8 23. Rf1 Rc7 24. Rxf7 Qg5+ 25. Qg3 Rcxf7 26. Nxf7 Qe7 27. Bxe6 Qxe6 28. Nh6+ Qxh6 29. Qb3+ 1-0

[Event "POL-chT 2nd League"]
[Site "Wysowa"]
[Date "2007.09.11"]
[Round "9.62"]
[White "Kubicki, Marek"]
[Black "Tworuszka, Michal"]
[Result "1/2-1/2"]
[WhiteElo "2165"]
[BlackElo "2302"]
[PlyCount "86"]
[EventDate "2007.09.03"]
[EventType "team-swiss"]
[EventRounds "9"]
[EventCountry "POL"]
[SourceTitle "EXT 2019"]
[Source "ChessBase"]
[SourceDate "2018.10.10"]
[SourceVersion "1"]
[SourceVersionDate "2018.10.10"]
[SourceQuality "1"]
[WhiteTeam "Myslenice MLKSz"]
[BlackTeam "Katowice Wasko II"]
[WhiteTeamCountry "POL"]
[BlackTeamCountry "POL"]

1. e4 Nf6 2. e5 Nd5 3. Nc3 Nxc3 4. bxc3 d5 5. d4 c5 6. Nf3 Nc6 7. Be2 e6 8. 0-0 Be7 9. Ne1 0-0 10. f4 Qa5 11. Bd2 Qa4 12. Be3 Qa3 13. Qd3 b6 14. Rf3 a5 15. Rh3 g6 16. Bc1 Qa4 17. Qd2 f5 18. exf6 Bxf6 19. Rb1 cxd4 20. Bb5 dxc3 21. Bxa4 cxd2 22. Bxd2 Bd7 23. Rhb3 Be8 24. Rd3 Bd4+ 25. Be3 Bc5 26. Bxc5 bxc5 27. Bxc6 Bxc6 28. Rb6 Rac8 29. g3 d4 30. Ra3 c4 31. Rxa5 Bd5 32. Kf2 Ra8 33. Rba6 Rxa6 34. Rxa6 g5 35. Nf3 Bxf3 36. Kxf3 gxf4 37. Rxe6 fxg3+ 38. Kxg3 Ra8 39. Rd6 Rxa2 40. Rxd4 Rxc2 41. Rd7 c3 42. Rc7 Rc1 43. Kh4 Rh1 1/2-1/2

[Event "POL-chT 2nd League"]
[Site "Wysowa"]
[Date "2007.09.08"]
[Round "5"]
[White "Kubicki, Marek"]
[Black "Kuziola, Mateusz"]
[Result "0-1"]
[WhiteElo "2165"]
[BlackElo "2296"]
[PlyCount "80"]
[EventDate "2007.09.03"]
[EventType "team-swiss"]
[EventRounds "9"]
[EventCountry "POL"]
[SourceTitle "EXT 2010"]
[Source "ChessBase"]
[SourceDate "2010.11.25"]
[SourceVersion "1"]
[SourceVersionDate "2010.11.25"]
[SourceQuality "1"]
[WhiteTeam "Myslenice MLKSz"]
[BlackTeam "Pawlowice GKS Pniowek 74"]
[WhiteTeamCountry "POL"]
[BlackTeamCountry "POL"]

1. e4 c5 2. Nc3 Nc6 3. f4 g6 4. Nf3 Bg7 5. Bb5 Nd4 6. a4 e6 7. Nxd4 cxd4 8. Ne2 Ne7 9. 0-0 Qb6 10. Bd3 Nc6 11. Ng3 Nb4 12. Ra3 Qc5 13. f5 Be5 14. Kh1 b6 15. Qf3 Nxd3 16. Qxd3 Bb7 17. c3 a5 18. cxd4 Bxd4 19. fxe6 dxe6 20. Qb5+ Qxb5 21. axb5 0-0 22. Ra4 Rfd8 23. Ne2 Bg7 24. Nc3 Rac8 25. Re1 Rd3 26. e5 Rc5 27. Re3 Rxe5 28. Rxe5 Bxe5 29. Kg1 h5 30. g3 Bd4+ 31. Kf1 Rf3+ 32. Ke1 e5 33. Ne2 Bf2+ 34. Kd1 Bc5 35. Ke1 e4 36. Nd4 Rd3 37. Nc6 Rb3 38. Rxe4 Rxb5 39. Nd4 Bxd4 40. Rxd4 Rc5 0-1